[Event "Monarch Assurance 14th"]
[Site "Port Erin"]
[Date "2005.09.27"]
[Round "4"]
[White "Neelotpal, Das"]
[Black "Mikhalevski, Victor"]
[Result "0-1"]
[WhiteElo "2467"]
[BlackElo "2572"]
[Annotator "Mikhalevski,V"]
[PlyCount "82"]
[EventDate "2005.09.24"]
[EventType "swiss"]
[EventRounds "9"]
[EventCountry "IOM"]
[SourceTitle "CBM 108 Extra"]
[Source "ChessBase"]
[SourceDate "2005.11.04"]
[SourceVersion "1"]
[SourceVersionDate "2005.11.04"]
[SourceQuality "1"]

{[%mdl 256]} 1. e4 e5 2. Nf3 Nc6 3. Bb5 a6 4. Ba4 Nf6 5. O-O Nxe4 6. d4 b5 7.
Bb3 d5 8. dxe5 Be6 9. Nbd2 Nc5 10. c3 g6 {Postny: "This rare line is used
sometimes by Kortschnoj and Murey. Black is intending to put pressure on
white's Pe5 as quick as possible.'' I've chosen this line to surprise the
opponent, who was prepared to other lines I played earlier.} 11. Bc2 {White
saves the light-squared bishop which in future is going to support an advance
of the f-pawn to f5 and at the same time covers the d3-square.} ({Other
important games in this rare variation:} 11. Re1 Nd3 12. Re3 Nxc1 13. Rxc1 Bh6
14. Rd3 {'?' Postny.} (14. Re1 $11) 14... O-O 15. Qe2 Ne7 16. Rd1 c5 17. Bc2
Bf5 $17 {1-0 Fedorchuk,S-Kortschnoj,V/Warsaw 2002/CBM 092 ext (87)}) (11. Qe2
Bg7 12. Nd4 Nxd4 (12... Nxe5 13. f4 Nc4 14. f5 gxf5 15. Nxf5 Rg8 16. Nxc4 dxc4
17. Bc2 Nd3 18. Bh6 $36 {1-0 Karpov,A-Kortschnoj,V/Baguio City 1978/MainBase 
(28)}) 13. cxd4 Nb7 14. Bc2 c5 15. f4 cxd4 16. Nb3 Qb6 17. Qf2 O-O 18. Nxd4 $14
{0-1 Fishbein,A-Murey,J/Moscow 1989/CBM 14 (66)}) (11. Nd4 Nxe5 12. Qe2 Ned3
13. Nxe6 fxe6 14. Bc2 Nxc1 15. Raxc1 Qd6 16. Rfe1 Bh6 17. Rcd1 O-O 18. b4 Nd7
19. Qxe6+ Qxe6 20. Rxe6 Rfe8 $11 {1/2-1/2 Smirin,I-Murey,J/Tel Aviv 1991/CBM
27 ext (30)}) 11... Bg7 ({The immediate} 11... Nd7 {is interesting. The point
is that the knight now doesn't get under the white pawn after Nd4 Nxd4 exd4
and moreover he can come with the immediate c5 using a tempo he saved by not
playing Bg7.} 12. Nb3 Bg7 13. Bg5 Qc8 14. Nfd4 Nxd4 15. Nxd4 (15. cxd4 $5)
15... c5 16. Nxe6 fxe6 17. f4 O-O 18. h4 Qe8 19. h5 gxh5 20. Rf3 (20. Qb1 $1
$36) 20... h6 21. Bh4 c4 $14 {0-1 Fercec,N-Murey,J/Pula 2002/CBM 088 ext (43)})
12. Nd4 $1 {The most logical. White doesn't lose a tempo for preparatory moves
like 12.Re1 and 12.Qe2, but tries to exploit the fact that Black's king is
still in the centre.} ({White has also tested another option:} 12. Re1 Nd7 {
and now three games went in three different directions:} 13. Nd4 (13. Nf1 Ncxe5
14. Nxe5 Nxe5 15. f4 Nc4 16. f5 gxf5 17. Qh5 Qf6 18. Bxf5 Kd7 19. Ng3 h6 20.
Bxe6+ fxe6 21. Rf1 Qe5 22. Qf7+ Kc6 23. Bf4 Raf8 24. Qxf8 Bxf8 (24... Rxf8 $5
25. Bxe5 Rxf1+ 26. Kxf1 Bxe5 $44) 25. Bxe5 Nxe5 26. Rae1 Bc5+ 27. Kh1 Kd6 28.
h3 {0-1 Rogovoi,M-Petrov,A/Tallinn 2001/CBM 083 ext (48) and White is better.}
(28. b4 $1 Bb6 29. Rf6 $1 Ke7 30. Nh5 $1 $16)) (13. Nb3 $6 $146 {1/2-1/2
Baramidze,D-Belikov,V/Dortmund 2003/CBM 097/[Postny] (46).}) 13... Nxd4 (13...
Ndxe5 {Kortschnoj} 14. Nxe6 fxe6 15. f4 Nf7 16. Rxe6+ Ne7 17. Qe2 {and White
has a clear edge.}) 14. cxd4 c5 $132 {1/2-1/2 Almasi,Z-Kortschnoj,V/Budapest
2003/CBM 095 (28)}) 12... Nxe5 13. f4 Nc4 {[%cal Gc4e3]} 14. Nxc4 $1 {An
obvious novelty. This is certainly better than the earlier played 14.f5?!} ({
The straightforward} 14. f5 $6 {is not good in view of} Ne3 15. Qf3 Nxf5 ({
But not} 15... Nxc2 $2 16. fxe6 Bxd4+ 17. cxd4 f5 18. dxc5 Nxa1 19. b4 $16) (
15... Nxf1 {leads to a position with compensation for missing material.} 16.
fxe6 Bxd4+ 17. cxd4 Nxe6 18. Kxf1 (18. Nxf1 $5 Nxd4 19. Qe3+ Ne6 20. Qe5 O-O
21. Ne3 $44) 18... Nxd4 19. Qc3 Qh4 (19... Nxc2 20. Qxh8+ Kd7 21. Qxd8+ Rxd8
22. Rb1 c5 $13) 20. Nf3 Nxf3 21. Qe3+ Qe7 22. Qxf3 $13 {0-1 Neumann,J-Brendel,
V/Kiel 1978/EXT 2001 (43). (43)}) 16. Bxf5 gxf5 (16... Bxf5 17. g4) 17. Nxf5
Bxf5 18. Qxf5 O-O $15) 14... dxc4 $1 {[%cal Ge6d5] Preparing the retreat of
the bishop to d5.} ({In case of} 14... bxc4 $6 15. f5 {Black would have to
make a favourable exchange for White on f5 destroying his pawn structure on
the kingside.} gxf5 16. Nxf5 Be5 17. Qe2 Nd7 18. Bf4 $36) 15. f5 Bd5 $1 (15...
gxf5 $2 {is dangerous in view of} 16. Nxe6 $1 Nxe6 (16... fxe6 $2 {loses on
the spot to} 17. Qh5+ $18) 17. Qf3 $40 {[%cal Gc2f5,Gf3f5] with a dangerous
initiative.}) 16. Qe1+ $5 {The main point of this check is that after Qe7
White's queen is protected and so he will be able to develop the bishop with a
tempo to g5. See below.} ({I planned to meet} 16. Re1+ {with} Kf8 $13 {since
now the rook is not longer on f1.}) ({White rejected} 16. Qe2+ $5 Qe7 17. Qf2 {
in view of} Nd7 $5 {(Neelotpal)} (17... Be5 {also deserves attention.}) {
However the position after} 18. Bf4 O-O-O $1 19. Rae1 Ne5 20. Bg3 Rd6 21. f6
Bxf6 22. Qe3 Re8 23. Rxf6 Qxf6 24. Bxe5 Qh4 $1 $13 {remains very sharp.}) 16...
Kd7 $1 {The king is trying to escape on the queenside.} (16... Qe7 {would
allow White to demonstrate his idea.} 17. Bg5 Qxe1 (17... f6 18. fxg6 fxg5 19.
Nf5 Qxe1 20. Raxe1+ Kd8 21. Nxg7 hxg6 22. Re5 c6 23. Rxg5 $14 Nd3 24. b3 $1 $14
) 18. Raxe1+ Kd7 19. Re7+ Kc8 20. fxg6 hxg6 21. Bxg6 $14 {In both cases White
is on top.}) 17. Qg3 {White transfers the queen to the c8-h3 diagonal from
where he will be able to create the threat of a discovered check to the black
king.} Kc8 $1 {The king continues his run.} ({I saw also an alternative.} 17...
Bxd4+ $5 18. cxd4 Nd3 $1 $13 {and White is just slightly better, but I wanted
to keep my dark-squared bishop and so 17...Kc8.}) 18. Bg5 Qd7 $6 {An
inaccuracy.} ({It would be wiser to provoke the dark-squared bishop to f4
first and only then Qd7 and White doesn't have the same strong idea he applied
in the game.} 18... Qd6 $1 19. Bf4 ({With the king on c8 the move} 19. Qh3 {
is not especially dangerous for Black.} Qd7 (19... Kb7 $5 20. f6 Bf8) 20. Rae1
f6 21. Bd2 Kb7 $13 {and a position with mutual chances arises.}) 19... Qd7) 19.
Rae1 $1 {[%cal Ge1e7] With the white bishop on f4 White wouldn't create the
threat of Re7.} (19. a4 Nxa4 $1 $13) 19... f6 $1 {The only logical way to
prevent Re7.} 20. Bc1 {[%cal Gf5g6]} (20. fxg6 {looks dangerous for Black, but
in fact reaches nothing.} fxg5 21. Bf5 Bxd4+ 22. cxd4 Ne6 23. Qe5 Kb7 $15 {
and the arising rook endgame is slightly better for Black.}) 20... g5 {A
necessity. Otherwise White wins the g6-pawn and gets the f5-square for his
pieces.} 21. b4 $6 (21. Re6 $5 {deserves attention.} Kb7 22. Rfe1 Bf8 23. Rxf6
Bd6 $132) ({However the best was} 21. Ne6 $1 Bf8 (21... Nxe6 22. fxe6 Qe7 (
22... Bxe6 $2 23. Rxe6 $1 Qxe6 $140 24. Bf5 $18) 23. Be4 $16 {[%csl Ge6]} (23.
Bf5 $5)) 22. Rd1 $1 c6 23. Qf2 $1 {and White is better.}) 21... cxb3 ({In case
of} 21... Nd3 22. Bxd3 cxd3 23. Qxd3 {It's not easy for Black to solve the
problem of the dark-squared bishop.}) 22. axb3 Bf8 $1 {Now the bishop enters
the game.} 23. Ba3 $2 {White misses a simple tactical blow, but the position
still remains sharp.} (23. b4 $5 {chasing the knight to a passive position on
b7 was better.} Bd6 24. Qe3 {[%cal Gc2e4]} Nb7 25. Be4 Be5 26. Rd1 $36) 23...
Nxb3 $1 24. Bxb3 (24. Bxf8 Nxd4 25. cxd4 Rxf8 $17 {is better for Black who has
two extra pawns.}) 24... Bxa3 25. Re6 {Finally White penetrates to e6.} Bc5 $5
({With} 25... Bxb3 $1 {I could force the position I was trying to get in the
game.} 26. Nxb3 Qd5 27. Nd4 Bc5) 26. Kh1 $1 {White unpins the knight and
starts to create some threats.} (26. Bxd5 {transposes to 25...Bxb3.}) 26... Kb7
$5 {I've decided to give one pawn back in order to consolidate the position.} (
{If Black protects the f6-pawn by means of} 26... Rf8 {White obtains
counterplay by penetrating with the knight to c6.} 27. Bxd5 Qxd5 28. Nc6 $36 {
[%cal Gc6e7]}) 27. Rxf6 ({Now after} 27. Bxd5+ Qxd5 28. Nc6 {Black has} Rae8 $1
29. Na5+ (29. c4 $5) 29... Kc8 30. Rxa6 Re3 $17 {taking the initiative.}) 27...
Bxd4 28. cxd4 ({After} 28. Bxd5+ Qxd5 29. cxd4 Qxd4 30. Qxg5 $15 {White could
get some counterchances thanks to his strong f-pawn.}) 28... Rhe8 $5 {
Activating the rook.} ({In case of the materialistic} 28... Bxb3 29. Qxb3 Qxd4
30. Qf3+ Kb8 31. Rc6 $44 {White obtains a clear compensation for two pawns.})
29. Rc1 {White creates the threat of Bxd5.} (29. Bxd5+ $5 Qxd5 30. Rc1 Rac8 {
transposes to 29.Rc1.}) 29... Rac8 $5 (29... Bxb3 30. Qxb3 Qxd4 31. Rfc6 $44 {
leads again to compensation for two pawns.}) 30. Bxd5+ Qxd5 31. Qa3 $1 {
Provoking a weakening of the position.} c6 $1 32. Ra1 $5 (32. Rd6 $1 {was
strong.} Re3 $1 {A nice counter blow.} ({In case of} 32... Qxf5 33. d5 Qe5 $1
34. h3 $1 $40 {White develops a strong attack.}) 33. Qxe3 Qxd6 34. Qxg5 Qxd4
35. f6 Rc7 36. Rf1 Rf7 $13 {and despite the strong f-pawn Black retains some
chances for a win.}) 32... a5 $1 {An indirect protection of the a-pawn. This
is certainly better than the passive 32...Ra8.} 33. Rd6 $1 (33. Qxa5 {The
a-pawn is untouchable in view of} Ra8 34. Qc3 Re3 $1 35. Qc1 Re2 $1 $19 {
and Black wins.}) 33... b4 $1 {In the mutual time-trouble I've correctly
assumed that the exchange of queens is necessary.} (33... Qxf5 $2 {is
dangerous as it allows to create a strong attack.} 34. d5 $1 {[%csl Rb7]} Rf8
35. h3 $1 a4 36. Qc5 $1 Ka6 $1 37. Rxc6+ Rxc6 38. Qxc6+ Ka5 39. Qc7+ Kb4 40.
Rc1 $40 {and Black is in danger.}) 34. Qg3 $2 $138 {And this is already a
decisive mistake.} ({It was necessary to look for escape in the following
lines.} 34. Rxd5 $1 bxa3 35. Rxa5 (35. Re5 c5 $1 36. Rxe8 Rxe8 37. dxc5 Kc6 $15
{[%csl Ga5,Gc6]}) 35... Ra8 36. Re5 $1 $44 {The key-move which allows White to
hope for a draw.}) 34... Qxf5 $19 {Now it's over. Black is two pawns up
without any real compensation.} 35. h3 Qf4 $1 {The exchange of queens makes
Black's task easier.} 36. Qxf4 (36. Rd7+ {Changes nothing. F.e.} Rc7 37. Rxc7+
Kxc7 38. Qd3 Kb6 $1 $19 (38... Qf2 $5)) 36... gxf4 37. Rxa5 Red8 $1 {[%csl Rd4]
Eventually Black gets two extra pawns on the queenside. The d4-pawn is doomed.}
(37... Rcd8) 38. Rh6 Rc7 $1 {[%csl Rd4,Rh7] First Black protects the h7-pawn
and then picks up the d-pawn.} 39. d5 Rxd5 40. Rxd5 cxd5 41. Rh4 Rf7 $1 {
Black protects all his pawns and then the b-pawn goes forward. White has no
chances for escape and so he resigned. An interesting game despite a number of
mistakes from each side.} 0-1

[Event "URS-ch45 First League"]
[Site "Baku"]
[Date "1977.??.??"]
[Round "6"]
[White "Kuzmin, Gennadi P"]
[Black "Beliavsky, Alexander G"]
[Result "1-0"]
[WhiteElo "2550"]
[BlackElo "2555"]
[Annotator "Moiseev,V"]
[PlyCount "47"]
[EventDate "1977.??.??"]
[EventType "tourn"]
[EventRounds "17"]
[EventCountry "URS"]
[EventCategory "10"]
[SourceTitle "MCL"]
[Source "ChessBase"]
[SourceDate "1999.07.01"]
[SourceVersion "1"]
[SourceVersionDate "1999.07.01"]
[SourceQuality "1"]

1. e4 e5 2. Nf3 Nc6 3. Bb5 a6 4. Ba4 Nf6 5. O-O Nxe4 6. d4 b5 7. Bb3 d5 8. dxe5
Be6 9. Nbd2 Nc5 10. c3 Nxb3 $6 (10... Bg4) (10... Be7) (10... d4 11. Bxe6 Nxe6
12. cxd4 (12. Nb3 $6 {Kuzmin/} dxc3 13. Qc2 Qd5 $1 14. Rd1 (14. bxc3 Be7 15.
Rd1 Qc4 $15) (14. Qxc3 Bb4 15. Qe3 O-O 16. a3 Be7 17. Bd2 a5 $15) 14... Nb4 15.
Qe2 Qc4 16. Qxc4 bxc4 17. Na5 Nc2 18. Rb1 Na3 19. Ra1 Nc2 20. Rb1 $15 {Sax,
G-Tal,M/Tallinn/1979/0:1/52/}) 12... Ncxd4 13. a4 (13. Ne4 Be7 14. Be3 Nf5 15.
Qc2 O-O 16. Rad1 Nxe3 17. fxe3 Qc8 18. h3 Rd8 19. Nh2 Rxd1 20. Qxd1 Qe8 21. Ng3
a5 $5 {N 21...Rd8-48/453/} 22. Ng4 Ra6 23. Nh5 Nf8 24. Qf3 Ng6 $10 {Mokry,
K-Haba,P/Deutschland/1992/1/2-1/2/31/}) 13... Be7 14. Nxd4 Nxd4 15. axb5 Nxb5
16. Qc2 $5 {N} O-O 17. Nf3 Nd4 $1 18. Nxd4 Qxd4 19. Qxc7 Bb4 $1 $10 {
Kindermann,S-Mikhalchishin,A/Dortmund/1993/1/2-1/2/}) 11. Nxb3 Be7 12. Nfd4
Nxe5 $2 (12... Nxd4 $142 13. cxd4 a5 $14 (13... O-O 14. Bd2 $16)) 13. Re1 Ng6
14. Nxe6 fxe6 15. Nd4 $1 (15. Rxe6 $2 O-O $13) 15... Nf8 (15... e5 16. Ne6 Qd7
17. Qxd5 $1 $18) 16. Qg4 h5 17. Qxg7 Bf6 18. Qg3 Qd7 19. Bf4 $18 O-O-O 20. a4
c5 21. Be5 $1 (21. axb5 $6 cxd4 22. cxd4 Qxb5 23. Rec1+ Kd7 $13) 21... h4 22.
Qf4 Bxe5 23. Qxe5 Rh6 24. axb5 (24. axb5 axb5 25. Ra8+ Kb7 26. Rxd8 Qxd8 27.
Qg7+ $18) (24. axb5 cxd4 25. Rxa6 Rh7 26. Rea1 Qxb5 27. Ra8+ Kd7 28. Rxd8+ Kxd8
29. Qd6+ Ke8 30. Ra8+ $18) 1-0

[Event "Bundesliga 0506"]
[Site "Germany"]
[Date "2006.03.11"]
[Round "12.1"]
[White "Volokitin, Andrei"]
[Black "Acs, Peter"]
[Result "1-0"]
[WhiteElo "2666"]
[BlackElo "2518"]
[Annotator "Mueller,Karsten"]
[PlyCount "129"]
[EventDate "2005.10.21"]
[EventType "team-tourn"]
[EventRounds "15"]
[EventCountry "GER"]
[SourceTitle "CBM 112"]
[Source "ChessBase"]
[SourceDate "2006.06.07"]
[SourceVersion "1"]
[SourceVersionDate "2006.06.07"]
[SourceQuality "1"]
[WhiteTeam "Katernberg"]
[BlackTeam "Eppingen"]
[WhiteTeamCountry "GER"]
[BlackTeamCountry "GER"]

1. e4 e5 2. Nf3 Nc6 3. Bb5 a6 4. Ba4 Nf6 5. O-O Nxe4 6. d4 b5 7. Bb3 d5 8. dxe5
Be6 9. Nbd2 Nc5 10. c3 d4 11. Bxe6 Nxe6 12. cxd4 Ncxd4 13. a4 Bb4 14. axb5 Nxb5
15. Qb3 Bxd2 16. Rxa6 Rxa6 17. Qxb5+ Qd7 18. Qxa6 Bxc1 19. Rxc1 O-O 20. Qb7 Rd8
21. g3 h6 22. Kg2 Qd3 23. Ra1 Rd5 24. Qb4 Kh7 25. Ra3 Qb5 26. Qe4+ g6 27. Qc2
Qb4 28. Re3 Kg7 29. h4 Rc5 30. Rc3 Rxc3 31. Qxc3 Qe4 32. Kg1 c5 33. Nd2 Qd5 34.
Qe3 Nd4 35. Qe4 Qa2 36. Qb7 Qe6 37. Qe4 Qb6 38. Nc4 Qb4 39. Qd5 Qe1+ 40. Kg2
Ne2 41. Qxc5 Qg1+ 42. Kf3 Nc1 43. Qd6 Qh1+ 44. Kf4 Qf1 45. Qf6+ Kg8 46. Nd6
Qxf2+ 47. Ke4 Qc2+ 48. Kd5 Qb3+ 49. Kc6 Nd3 50. Qd8+ Kh7 51. Qe7 Qa4+ $2 (51...
Nb4+ 52. Kd7 (52. Kc5 Na6+ 53. Kc6 Nb4+ $11) 52... Qa4+ 53. Kc8 Qa8+ 54. Kd7
Qc6+ 55. Kd8 Qa8+ $11) 52. Kb7 Qb3+ $2 (52... Qb4+ 53. Kc8 Qc5+ 54. Qc7 Qxe5
55. Qxf7+ Qg7 {hätte Schwarz noch nicht zu unterschätzende Remischancen
gegeben.}) 53. Kc8 $18 Kg8 (53... Qe6+ 54. Qxe6 fxe6 55. Nc4 $18) 54. Qd8+ Kh7
(54... Kg7 $2 55. Ne8+ Kf8 56. Nf6+ Kg7 57. Qg8#) {[%tqu "De","Wie brach Weiß
durch?","","","d6f7","der entscheidende Schlag",3]} 55. Nxf7 $1 {Der
entscheidende Schlag.} Qc4+ (55... Qxf7 56. Qxd3 Qe8+ 57. Qd8 Qxe5 58. Qc7+ $18
) 56. Qc7 Qa6+ (56... Nxb2 57. Nd6+ Qxc7+ 58. Kxc7 Nd3 59. e6 Nb4 60. e7 Nd5+
61. Kd8 Nxe7 62. Kxe7 $18) 57. Kd8 Qa8+ 58. Qc8 Qxc8+ (58... Qa5+ 59. Qc7 Qa8+
60. Ke7 Kg7 61. Nd8 Qe4 62. Ke8+ Kg8 63. Qf7+ Kh8 64. e6 Ne5 65. Qf4 $18) 59.
Kxc8 Kg7 60. e6 Kf6 61. Kd7 Nc5+ 62. Kd6 Nxe6 63. Nxh6 Nd4 64. b4 g5 65. h5 1-0

[Event "Karadjordje Serbia"]
[Site "Topola"]
[Date "2004.05.04"]
[Round "1"]
[White "Goloshchapov, Alexander"]
[Black "Mastrovasilis, Dimitrios"]
[Result "1/2-1/2"]
[WhiteElo "2569"]
[BlackElo "2533"]
[Annotator "Postny,E"]
[PlyCount "81"]
[EventDate "2004.05.04"]
[EventType "tourn"]
[EventRounds "11"]
[EventCountry "YUG"]
[EventCategory "13"]
[SourceTitle "CBM 101"]
[Source "ChessBase"]
[SourceDate "2004.07.27"]
[SourceVersion "1"]
[SourceVersionDate "2004.07.27"]
[SourceQuality "1"]

1. e4 e5 2. Nf3 Nc6 3. Bb5 a6 4. Ba4 Nf6 5. O-O Nxe4 6. d4 b5 7. Bb3 d5 8. dxe5
Be6 9. Nbd2 Nc5 10. c3 d4 {This sharp variation requires good preparation.} ({
The main alternatives are:} 10... Be7) (10... Bg4) 11. Ng5 {The most principal
continuation to fight for an opening advantage.} Qxg5 ({Another common
alternative nowadays is} 11... Bd5 {but requires a strong nerves from black,
since after} 12. Nxf7 Kxf7 13. Qf3+ {white has a dangerous attack.}) 12. Qf3
O-O-O (12... Bd7 {--> 1/2-1/2 Korneev,O-Mikhalevski,V/Sao Paulo 2002/CBM 90
ext [Mikhalevski,V] (55)}) (12... Kd7 13. Bd5 $36) 13. Bxe6+ fxe6 14. Qxc6 Qxe5
15. b4 Qd5 (15... dxc3 16. bxc5 cxd2 17. Qxa6+ Kd7 18. Bxd2 Qxc5 19. Bf4 $36 {
1-0 Sutovsky,E-Mikhalevski,V/Internet Chess Club 2002/EXT 2003 (34)}) 16. Qxd5
exd5 17. bxc5 dxc3 18. Nb3 d4 19. Ba3 {White has an extra piece, but black has
two dangerous passed pawns. The practice shows, that in general white has
preferable chances, but black's counterplay is usually sufficient for a draw.}
Be7 ({Not recommended is} 19... Rd5 $2 {as in the game Naiditsch,A-Rogers,I/
Wijk aan Zee 2003/CBM 93 [Postny,E]}) ({Logical alternative is} 19... g6 {
which leads to similar positions as after the move in the text - Hracek,Z-Haba,
P/Luhacovice 2003/CBM 94 [Postny,E]}) 20. Bb4 Bf6 21. a4 d3 $146 (21... bxa4
22. Rxa4 d3 23. Rxa6 d2 24. c6 Kb8 25. Nxd2 cxd2 26. Bxd2 $4 (26. Rd1) 26...
Rxd2 27. Rb1+ Rb2 28. Rba1 Kc8 {0-1 Dovliatov,S-Mamedyarov,S/Baku 2000/EXT
2002 (28)}) (21... Kd7 22. axb5 axb5 23. Ra6 (23. Rfd1 Ke6 24. Rac1 Rd5 25. Rd3
c6 26. Ra1 Kf7 27. Kf1 $14 {1/2-1/2 Harley,A-Ernst,T/London 1991/TD (48)})
23... c6 (23... Ra8 24. Rxf6 $1 gxf6 25. Nxd4 $16 {1/2-1/2 Martinez Lozano,
M-Baron Rodriguez,J/Spain 1998/EXT 2003 (31)}) 24. Rd1 Ke6 25. Rxc6+ Kd5 26.
Rxf6 $1 Kc4 27. Rd6 Rxd6 28. cxd6 Kxb3 29. Rxd4 $16 {1-0 Dimitrov,V-Korneev,O/
Linares 1996/CBM 51 ext (54)}) 22. axb5 d2 23. bxa6 (23. c6 Kb8 24. Nc5 c2 25.
Nd7+ Rxd7 26. cxd7 Bxa1 27. Bxd2 Rd8 $19) 23... c2 24. a7 {Quite an amazing
position. There are 3! pawns one move before promotion.} (24. c6 Kb8 25. Nxd2
Bxa1 26. Rxa1 Rxd2 27. Bxd2 Rd8 28. Kf1 Rxd2 29. Ke1 Rd6 $17) (24. Nxd2 Bxa1
25. Rxa1 Rd4 (25... Rxd2 $2 26. Bxd2 Rd8 27. a7 Kb7 28. Kf1 $18) 26. Bc3 Rd3
27. Bb4 Rd4 $11) (24. Bxd2 $2 Bxa1 25. Rxa1 Rd3 $19) 24... Kb7 25. a8=Q+ (25.
Nxd2 Bxa1 26. Rxa1 Rd4 27. Bc3 Rd3 28. Bb4 Rhd8 29. Kf1 R3d4 30. Bc3 Rd3 $11)
25... Rxa8 26. Rxa8 c1=Q ({After} 26... d1=Q $2 27. Rxh8 {white has
significant material advantage.}) 27. Nxc1 dxc1=Q 28. Ra7+ $6 {Useful
intermediate check forcing black's king to a less active place. However in the
forthcoming endgame white's winning chances are very low.} ({Stronger seems to
me:} 28. Rxh8 Qb2 29. Be1 {White will sooner or later coordinate his rooks and
will get reasonable winning chances.}) 28... Kxa7 29. Rxc1 Rd8 {Black is a
pawn down, but can draw this position relatively easily using his pieces
activity and white's Pc5 weakness.} 30. Kf1 Ka6 31. Bc3 Bxc3 32. Rxc3 Kb5 {
The Pc5 is doomed to fall, so the draw becomes inevitable.} 33. Re3 {[%cal
Ge3e7]} Rd7 34. Re5 c6 35. Ke2 (35. h4 g6 36. Ke2 Rd5 37. Re7 Rh5 $11) 35...
Rd5 36. Re7 Rg5 37. g3 Kxc5 38. f4 Kd6 39. Ra7 Rh5 40. h4 g6 41. Kf3 1/2-1/2